000 00590nam a2200181Ia 4500
008 100917s9999 xx 000 0 und d
082 _b31784
100 _aरजनीश भगवान
245 _aकस्तुरी कुंडल बसै
260 _bजीवन जागृती प्रकाशन
_c1976
300 _a82
365 _b3
520 _aअध्यात्म
630 _aकस्तुरी कुंडल बसै
650 _aअध्यात्म
730 _aकस्तुरी कुंडल बसै
942 _cBOOK
999 _c637178
_d637175